Olympique Lyonnais 5 dernières saisons - Statistiques

Statistiques générales
  • Ce quiz a été pris 278 fois
  • Le résultat moyen est 21 sur 81
Statistiques - réponses
Réponse % Correct
3eme
95%
78 pts
58%
3eme
53%
7eme
49%
8eme
48%
4eme
47%
Bayern Munich
37%
Demi finale
37%
Memphis Depay
37%
Moussa Dembele
37%
Nabil Fekir
37%
Bruno Genesio
36%
Memphis Depay
36%
Ligue des Champions
35%
Bruno Genesio
34%
Quart de finale
34%
Moussa Dembele
33%
Moussa Dembele
33%
Nabil Fekir
33%
Memphis Depay
32%
Rudi Garcia
32%
72 pts
31%
Ligue des Champions
31%
Rudi Garcia
31%
FC Barcelone
29%
8ème de finale
28%
8ème de finale
28%
Memphis Depay
28%
76 pts
27%
CSKA Moscou
27%
Houssem Aouar
27%
Ligue Europa
27%
West Ham
27%
Demi finale
26%
Finale
26%
Karl Toko Ekambi
26%
Mariano Diaz
26%
Memphis Depay
26%
Paris SG
26%
Paris SG
26%
Sylvinho
26%
61 pts
25%
40 pts
24%
Houssem Aouar
24%
Memphis Depay
24%
Peter Bosz
23%
Ligue Europa
22%
Lucas Paqueta
22%
Memphis Depay
22%
Quart de finale
22%
8ème de finale
21%
Karl Toko Ekambi
21%
Lucas Paqueta
21%
Nabil Fekir
21%
Paris FC
21%
Quart de finale
21%
Quart de finale
21%
Rennes
21%
Nabil Fekir
20%
Demi finale
19%
Lucas Paqueta
19%
Houssem Aouar
17%
Karl Toko Ekambi
17%
Lucas Paqueta
17%
SM Caen
17%
Moussa Dembele
16%
Tino Kadewere
16%
AS Monaco
15%
Maxwel Cornet
15%
Karl Toko Ekambi
14%
32ème de finale
13%
Montpellier HSC
13%
Maxwel Cornet
11%
Strasbourg
11%
Tanguy Ndombele
10%
Maxwel Cornet
9%
Moussa Dembele
9%
Bruno Guimaraes
7%
Tetê
5%
Malo Gusto
4%
Thiago Mendes
3%
Aucun quiz correspondant
Distribution des résultats
% des personnes avec chaque résultat
Percentile par nombre de réponses
Votre historique - résultats
Vous n’avez pas pris ce quiz